[Event "ch-FRA Top 16 GpA"]
[Site "Noyon FRA"]
[Date "2005.03.31"]
[Round "4"]
[White "Spielmann,Al"]
[Black "Fressinet,L"]
[Result "1/2-1/2"]
[WhiteElo "2249"]
[BlackElo "2638"]
[EventDate "2005.03.31"]

1. Nf3 d5 2. d4 Nf6 3. c4 e6 4. Nc3 c6 5. cxd5 exd5 6. Bf4 Bf5 7. e3 Qb6 8.
Bd3 Qxb2 9. O-O Bxd3 10. Qxd3 Bb4 11. Nb5 cxb5 12. Qxb5+ Nbd7 13. Rab1 Qa3
14. Rxb4 b6 15. Ra4 Qc3 16. Bd6 Qc8 17. Ba3 a6 18. Qb4 Qd8 19. Qb5 Qc8 20.
Qb4 Qd8 21. Rc1 a5 22. Qd6 b5 23. Ne5 b4 24. Rf1 1/2-1/2

[Event "ch-FRA Top 16 GpA"]
[Site "Noyon FRA"]
[Date "2005.03.31"]
[Round "4"]
[White "Franc,N"]
[Black "Hauchard,A"]
[Result "0-1"]
[WhiteElo "2067"]
[BlackElo "2487"]
[EventDate "2005.03.31"]

1. b3 d5 2. Bb2 Bg4 3. Nf3 Bxf3 4. exf3 e6 5. g3 Nf6 6. Qe2 Nbd7 7. f4 g6
8. Bg2 c6 9. d3 Bg7 10. Nd2 Nh5 11. Bxg7 Nxg7 12. Nf3 Qf6 13. O-O Nf5 14.
Qd2 Nd4 15. Nxd4 Qxd4 16. Qe3 Qc3 17. Rac1 d4 18. Qe1 Qxe1 19. Rfxe1 O-O-O
20. a4 Kc7 21. b4 Nb6 22. b5 Nxa4 23. bxc6 b5 24. Ra1 Kb6 25. Ra3 a5 26.
Rea1 Ra8 27. Re1 Nc3 28. g4 Rhe8 29. f5 exf5 30. Rxe8 Rxe8 31. f3 f4 32.
Ra4 Rh8 33. Rc4 Na4 34. Rxa4 0-1

[Event "ch-FRA Top 16 GpA"]
[Site "Noyon FRA"]
[Date "2005.03.31"]
[Round "4"]
[White "Nataf,IA"]
[Black "Saatdjian,S"]
[Result "1-0"]
[WhiteElo "2557"]
[BlackElo "1923"]
[EventDate "2005.03.31"]

1. e4 c5 2. Nf3 g6 3. d4 cxd4 4. Nxd4 Bg7 5. Nc3 Nc6 6. Be3 Nf6 7. Bc4 O-O
8. Bb3 d6 9. f3 Bd7 10. Qe2 a6 11. O-O-O b5 12. h4 Rc8 13. g4 Na5 14. h5 b4
15. Nd5 Nxb3+ 16. Nxb3 Nxd5 17. exd5 Bb5 18. Qh2 Qc7 19. hxg6 fxg6 20. Bd4
Qd8 1-0

[Event "ch-FRA Top 16 GpA"]
[Site "Noyon FRA"]
[Date "2005.03.31"]
[Round "4"]
[White "Marcelin,C"]
[Black "Sokolov,And1"]
[Result "1/2-1/2"]
[WhiteElo "2464"]
[BlackElo "2582"]
[EventDate "2005.03.31"]

1. e4 c5 2. Nf3 e6 3. c4 Nc6 4. Nc3 Nf6 5. Be2 b6 6. O-O Bb7 7. Re1 Be7 8.
Bf1 O-O 9. d4 cxd4 10. Nxd4 Nxd4 11. Qxd4 Bc5 12. Qd1 d5 13. cxd5 exd5 14.
exd5 Nxd5 15. Nxd5 Qxd5 16. Qxd5 Bxd5 1/2-1/2

[Event "ch-FRA Top 16 GpA"]
[Site "Noyon FRA"]
[Date "2005.03.31"]
[Round "4"]
[White "Riff,JN"]
[Black "Van Heirzeele,D"]
[Result "1/2-1/2"]
[WhiteElo "2435"]
[BlackElo "2230"]
[EventDate "2005.03.31"]

1. e4 c5 2. Nf3 e6 3. Nc3 Nc6 4. Bb5 Nd4 5. O-O a6 6. Bd3 Ne7 7. Nxd4 cxd4
8. Ne2 d5 9. exd5 Nxd5 10. c3 dxc3 11. dxc3 Bd6 12. Nd4 Qc7 13. Qh5 g6 14.
Qh4 Bd7 15. Re1 Be7 16. Bg5 h6 17. Bxe7 Nxe7 18. Rad1 Kf8 19. Qf6 Rg8 20.
Nxe6+ Bxe6 21. Rxe6 Nd5 22. Qf3 Kg7 23. Re4 Rad8 24. Rde1 Rd7 25. Bc2 Rgd8
26. Bb3 Nf6 27. Re5 Rd2 28. Re7 R8d7 29. Rxd7 Qxd7 30. Rb1 Qe7 31. h3 Qe4
32. Qxe4 Nxe4 33. Re1 Nc5 34. Re7 Nxb3 35. axb3 b5 36. b4 Rxb2 37. Rc7 Ra2
38. g3 Ra4 39. Rc5 h5 40. Kg2 Kf6 41. f4 Ra2+ 42. Kf3 Ke6 43. g4 hxg4+ 44.
hxg4 Kd6 1/2-1/2

[Event "ch-FRA Top 16 GpA"]
[Site "Noyon FRA"]
[Date "2005.03.31"]
[Round "4"]
[White "Clery,N"]
[Black "Bricard,E"]
[Result "0-1"]
[WhiteElo "2327"]
[BlackElo "2434"]
[EventDate "2005.03.31"]

1. d4 e6 2. c4 b6 3. e4 Bb7 4. Bd3 Nc6 5. Ne2 Nb4 6. Nbc3 Nxd3+ 7. Qxd3 g6
8. O-O Bg7 9. Be3 Ne7 10. Rad1 d6 11. d5 Qd7 12. b4 O-O 13. Nd4 c6 14. Nde2
cxd5 15. cxd5 exd5 16. exd5 Nf5 17. Nd4 Nxe3 18. fxe3 a6 19. Nc6 b5 20. Na5
Rac8 21. Ne4 Ba8 22. Nf6+ Bxf6 23. Rxf6 Qe7 24. Qd4 Bxd5 25. Rf2 Ba8 26.
Qxd6 Qxe3 27. Qd2 Qe7 28. Re2 Qa7+ 29. Qd4 Qc7 30. Rde1 Rcd8 31. Qf6 Qd6
32. Qxd6 Rxd6 33. Nb3 Kg7 34. Nc5 Rc8 35. Re7 a5 36. a3 axb4 37. axb4 Rd2
38. R1e2 Rxe2 39. Rxe2 Rd8 40. Kf2 Rd1 41. Re8 Bd5 42. Rd8 Bb3 43. Rxd1
Bxd1 44. Ne4 Bg4 45. Ke3 Bd7 46. g3 f5 47. Nc5 Bc6 48. h4 Kf6 49. Kd4 g5
50. Nd3 Be4 51. hxg5+ Kxg5 52. Ne5 Bg2 53. Ke3 Bb7 54. Nd3 Be4 55. Ne5 Bb1
56. Nc6 Kg4 57. Kf2 f4 58. gxf4 Kxf4 59. Ke2 Ke4 60. Kd2 Kd5 61. Na5 Kd4
62. Kc1 Be4 63. Kb2 Bd5 0-1

[Event "ch-FRA Top 16 GpA"]
[Site "Noyon FRA"]
[Date "2005.03.31"]
[Round "4"]
[White "Lerch,P"]
[Black "Petitpas,F"]
[Result "1-0"]
[WhiteElo "2329"]
[BlackElo "2140"]
[EventDate "2005.03.31"]

1. e4 g6 2. Nc3 Bg7 3. g3 d6 4. Bg2 e5 5. d3 Ne7 6. f4 Nbc6 7. Nh3 O-O 8.
O-O Nd4 9. Be3 h6 10. Rf2 c5 11. Qd2 Kh7 12. Raf1 f6 13. Kh1 Rb8 14. Ne2
Bg4 15. Nhg1 b5 16. Nc1 Qc7 17. c3 Ndc6 18. h3 Bd7 19. Nge2 Qa5 20. g4 g5
21. fxe5 fxe5 22. Ng3 Rxf2 23. Rxf2 Rf8 24. Nf5 Nxf5 25. gxf5 Bf6 26. Bf3
Be8 27. Rg2 Rg8 28. Qd1 Ne7 29. Bh5 Bc6 30. h4 Qd8 31. Bf7 Rg7 32. hxg5
Bxg5 33. Bxg5 Rxg5 34. Rxg5 hxg5 35. f6 Ng8 36. Qh5+ 1-0

[Event "ch-FRA Top 16 GpA"]
[Site "Noyon FRA"]
[Date "2005.03.31"]
[Round "4"]
[White "Assad,K"]
[Black "Muller,A"]
[Result "1/2-1/2"]
[WhiteElo "2051"]
[BlackElo "2181"]
[EventDate "2005.03.31"]

1. d4 Nf6 2. c4 e6 3. Nc3 Bb4 4. e3 c5 5. Bd3 Nc6 6. Nf3 O-O 7. Bd2 cxd4 8.
exd4 d5 9. Ne2 dxc4 10. Bxc4 b6 11. O-O Bb7 12. Bxb4 Nxb4 13. Qb3 Nbd5 14.
Ne5 Qd6 15. a3 a6 16. Qh3 Rac8 17. Bd3 h6 18. Rac1 Ne7 19. Nc4 Qd8 20. Ne3
b5 21. Rxc8 Qxc8 22. Rc1 Qd7 23. Qg3 Nc6 24. Rd1 Ne7 25. Ng4 Nxg4 26. Qxg4
Nd5 27. Bb1 Rd8 28. Qg3 Rc8 29. Qd3 Nf6 30. Ng3 g6 31. f3 Bd5 32. Ne4 Qd8
33. Nc5 Bc4 34. Qd2 Kg7 35. Nxa6 Bb3 36. Rc1 Rxc1+ 37. Qxc1 Qxd4+ 38. Kh1
Bc4 39. Nb4 h5 40. Nc2 Qe5 41. Ne3 Bd5 42. Bd3 Bb7 43. Nf1 h4 44. h3 Qh5
45. Qf4 Qd5 46. Qe3 e5 47. Nd2 Bc8 48. Ne4 Nxe4 49. Qxe4 Qxe4 50. Bxe4 Bd7
51. Kg1 f5 52. Bd5 Kf6 53. Kf2 Ke7 54. Ke3 Kd6 55. Ba2 Bc6 56. Bb1 Kc5 57.
b3 Bd7 58. Kd3 Bc6 1/2-1/2

[Event "ch-FRA Top 16 GpA"]
[Site "Noyon FRA"]
[Date "2005.03.31"]
[Round "4"]
[White "Pelletier,Y"]
[Black "Pinter,J"]
[Result "1/2-1/2"]
[WhiteElo "2604"]
[BlackElo "2535"]
[EventDate "2005.03.31"]

1. e4 e5 2. Nf3 Nc6 3. Bb5 a6 4. Ba4 Nf6 5. O-O Be7 6. Re1 b5 7. Bb3 O-O 8.
c3 d6 9. h3 Na5 10. Bc2 c5 11. d4 Qc7 12. b4 cxb4 13. cxb4 Nc4 14. Nbd2 Be6
15. d5 Bd7 16. Nxc4 Qxc4 17. Bd2 Rac8 18. Bb3 Qc7 19. Nh2 Qb6 20. Be3 Qd8
21. Qd3 a5 22. bxa5 Qxa5 23. Bd2 Qa3 24. Nf1 Bd8 1/2-1/2

[Event "ch-FRA Top 16 GpA"]
[Site "Noyon FRA"]
[Date "2005.03.31"]
[Round "4"]
[White "Tregubov,P"]
[Black "Netzer,J"]
[Result "0-1"]
[WhiteElo "2629"]
[BlackElo "2384"]
[EventDate "2005.03.31"]

1. d4 f5 2. c4 Nf6 3. Nf3 g6 4. g3 Bg7 5. b4 O-O 6. Bb2 d6 7. Bg2 Qe8 8.
O-O c6 9. Nbd2 h6 10. Qc2 Na6 11. a3 Nc7 12. Rfe1 Qf7 13. a4 Bd7 14. b5
Rac8 15. bxc6 Bxc6 16. Qb3 Na6 17. Rec1 Ne4 18. Nf1 g5 19. Ne1 e5 20. Qd1
g4 21. d5 Be8 22. Nd3 Nac5 23. Nd2 Nxd3 24. exd3 Nc5 25. Qc2 h5 26. a5 f4
27. Ne4 Nxe4 28. Bxe4 Bh6 29. Rcb1 h4 30. Bc1 Rc7 31. Ra2 Bd7 32. Qd1 Qh5
33. Qe1 Bc8 34. Ba3 Rf6 35. Rc2 Rcf7 36. Bg2 f3 37. c5 fxg2 38. cxd6 hxg3
39. fxg3 Rf1+ 40. Qxf1 gxf1=Q+ 0-1

[Event "ch-FRA Top 16 GpA"]
[Site "Noyon FRA"]
[Date "2005.03.31"]
[Round "4"]
[White "Collas,D"]
[Black "Wagner,Cl"]
[Result "0-1"]
[WhiteElo "2418"]
[BlackElo "2375"]
[EventDate "2005.03.31"]

1. Nf3 d5 2. d4 Nf6 3. c4 c6 4. Nc3 dxc4 5. a4 Bf5 6. Nh4 Bd7 7. g3 e6 8.
Bg2 c5 9. Bg5 Nc6 10. d5 exd5 11. Bxf6 Qxf6 12. Nxd5 Qd6 13. Qc2 O-O-O 14.
O-O Nd4 15. Qxc4 Be6 16. e4 g5 17. Rad1 gxh4 18. Rxd4 hxg3 19. hxg3 Kb8 20.
Rd3 Bg7 21. Rb1 Rc8 22. f4 Bd4+ 23. Kf1 Bxd5 24. Qxd5 Qa6 25. Rbd1 Rhd8 26.
Qf5 c4 27. Rxd4 c3+ 28. Kf2 Rxd4 29. Rxd4 c2 30. Qe5+ Ka8 31. Qc7 Qe6 32.
Rd8 c1=Q 33. Qxc1 Qb6+ 34. Qe3 Qxd8 35. e5 Qd1 36. Bf3 Qxa4 37. g4 Qc2+ 38.
Kg3 Qxb2 39. e6 fxe6 40. Qxe6 Qc1 41. Qe4 Qc7 42. g5 a5 43. Kg4 Qd7+ 44. f5
Rc5 45. Kh4 Rb5 46. Bg4 Rb4 47. Qe5 Qa4 48. Qe2 Re4 49. Qg2 Qc4 50. f6 Rf4
51. Qg3 a4 52. Kh5 Qe4 53. Qc3 Qh1+ 54. Bh3 Qd5 55. Bg4 Rc4 56. Qe1 Re4 57.
Qc3 Rc4 58. Qe1 Rc5 59. Qe8+ Ka7 60. Qe3 Ka6 61. Bf3 Qf7+ 62. Kh4 Rc4+ 63.
Kg3 Qc7+ 64. Kh3 Rc3 65. Qe2+ b5 66. Qe6+ Ka5 67. Kg4 Rc4+ 68. Be4 Qh2 69.
Qd5 Qe2+ 70. Kf5 Qf2+ 71. Kg4 a3 72. f7 Rxe4+ 73. Qxe4 Qxf7 74. Qe3 Ka4 75.
Qb6 a2 76. Qa6+ Kb4 77. Qd6+ Kb3 78. Qd3+ Ka4 79. Qc2+ Qb3 80. Qxh7 Qb4+
81. Kh5 a1=Q 82. Qc2+ Ka3 0-1

[Event "ch-FRA Top 16 GpA"]
[Site "Noyon FRA"]
[Date "2005.03.31"]
[Round "4"]
[White "Flear,G"]
[Black "Motwani,P"]
[Result "1/2-1/2"]
[WhiteElo "2462"]
[BlackElo "2543"]
[EventDate "2005.03.31"]

1. d4 e6 2. c4 Bb4+ 3. Bd2 c5 4. g3 Qb6 5. d5 Nf6 6. Bg2 exd5 7. cxd5 O-O
8. Nh3 d6 9. Nf4 Nbd7 10. O-O Ne5 11. Nc3 Bd7 12. a3 Ba5 13. Rb1 Qd8 14.
Qc2 Re8 15. Rfd1 Qe7 16. Ne4 Bxd2 17. Rxd2 Ng6 18. Nxg6 hxg6 19. Nxf6+ Qxf6
20. a4 g5 21. Qc4 Rab8 22. Ra1 Re7 23. e3 g4 24. Qc3 1/2-1/2

[Event "ch-FRA Top 16 GpA"]
[Site "Noyon FRA"]
[Date "2005.03.31"]
[Round "4"]
[White "Van der Stricht,G"]
[Black "Prie,E"]
[Result "1/2-1/2"]
[WhiteElo "2425"]
[BlackElo "2439"]
[EventDate "2005.03.31"]

1. d4 d5 2. c4 c6 3. Nc3 Nf6 4. e3 Bf5 5. cxd5 cxd5 6. Qb3 Bc8 7. Nf3 e6 8.
Ne5 Nc6 9. f4 Be7 10. Bd2 O-O 11. Bd3 Bd7 12. O-O Na5 13. Qd1 Rc8 14. Qe2
Be8 15. Be1 Nd7 16. Nxd7 Bxd7 17. f5 Nc6 18. Bg3 g6 19. fxe6 1/2-1/2

[Event "ch-FRA Top 16 GpA"]
[Site "Noyon FRA"]
[Date "2005.03.31"]
[Round "4"]
[White "Maze,S"]
[Black "Minet,S"]
[Result "1-0"]
[WhiteElo "2455"]
[BlackElo "2152"]
[EventDate "2005.03.31"]

1. e4 c6 2. d4 d5 3. e5 Bf5 4. Nf3 e6 5. Be2 c5 6. Be3 Qb6 7. Nc3 Nc6 8.
O-O Qxb2 9. Nb5 Rc8 10. c4 a6 11. Nd6+ Bxd6 12. exd6 cxd4 13. Nxd4 Be4 14.
Nxc6 Qa3 15. d7+ Kxd7 16. Ne5+ Ke7 17. Bf3 Nf6 18. Bxe4 1-0

[Event "ch-FRA Top 16 GpA"]
[Site "Noyon FRA"]
[Date "2005.03.31"]
[Round "4"]
[White "Barnier,C"]
[Black "Flear,C"]
[Result "0-1"]
[WhiteElo "1997"]
[BlackElo "2245"]
[EventDate "2005.03.31"]

1. d4 d5 2. Nf3 Nf6 3. c4 dxc4 4. Qa4+ Nc6 5. Qxc4 e6 6. a3 Be7 7. e3 O-O
8. Bd3 a5 9. O-O Bd7 10. Qc2 g6 11. b3 Na7 12. Bb2 Bb5 13. Bxb5 Nxb5 14.
Qe2 c6 15. Nbd2 Re8 16. Ne5 Bf8 17. Qf3 Bg7 18. Rfc1 a4 19. b4 Qe7 20. Ndc4
Ra6 21. Rc2 Nd7 22. Nxd7 Qxd7 23. Ne5 Bxe5 24. dxe5 Qd3 25. Qd1 Rd8 26.
Rcc1 Raa8 27. Qxd3 Rxd3 28. Rd1 Rad8 29. Rxd3 Rxd3 30. Kf1 Rd2 31. Rb1 g5
32. Ke1 Rc2 33. Kf1 h5 34. g3 Kh7 35. Ke1 g4 36. Kf1 Kg6 37. e4 Kg7 38. Ke1
Nc3 39. Bxc3 Rxc3 40. Ra1 Rc4 41. Kd2 Rxe4 42. Re1 Rxe1 43. Kxe1 Kg6 0-1

[Event "ch-FRA Top 16 GpA"]
[Site "Noyon FRA"]
[Date "2005.03.31"]
[Round "4"]
[White "Ricbour,J"]
[Black "Desanlis,A"]
[Result "1-0"]
[WhiteElo "2128"]
[BlackElo "1842"]
[EventDate "2005.03.31"]

1. e4 c5 2. Nf3 d6 3. d4 cxd4 4. Nxd4 Nf6 5. Nc3 g6 6. Be3 Bg7 7. Be2 Nc6
8. Nb3 Bd7 9. f4 Qc8 10. h3 O-O 11. Bf3 Ne8 12. g4 f5 13. Qe2 fxe4 14. Bxe4
Nf6 15. Bg2 e5 16. O-O Be6 17. Qd2 Qd7 18. Rad1 Rad8 19. fxe5 Nxe5 20. Bg5
Nc4 21. Qc1 Rc8 22. Nd4 Na5 23. Nxe6 Qxe6 24. Bxf6 1-0

[Event "ch-FRA Top 16 GpA"]
[Site "Noyon FRA"]
[Date "2005.04.01"]
[Round "5"]
[White "Bagheri,A"]
[Black "Fressinet,L"]
[Result "1/2-1/2"]
[WhiteElo "2500"]
[BlackElo "2638"]
[EventDate "2005.03.31"]

1. d4 d5 2. Nf3 Nf6 3. c3 g6 4. Bg5 Nbd7 5. Nbd2 Bg7 6. e3 O-O 7. Bd3 b6 8.
O-O Bb7 9. Qb1 c5 10. b4 Qc8 11. Rc1 Bc6 12. a4 c4 13. Be2 Re8 14. b5 Bb7
15. Bh4 a6 16. h3 e6 17. Bg3 Bf8 18. Ne5 Nxe5 19. Bxe5 Nd7 20. Bg3 Bg7 21.
Qc2 e5 22. dxe5 Nxe5 23. Nf3 Nxf3+ 24. Bxf3 axb5 25. axb5 Qc5 26. Qb2 h5
27. Rd1 Kh7 28. Bf4 Kg8 29. g4 hxg4 30. hxg4 Ra5 31. Rxa5 bxa5 32. b6 a4
33. Qd2 Qxb6 34. Bxd5 Bxd5 35. Qxd5 Qe6 36. Qf3 a3 37. Ra1 Qa6 38. e4 a2
39. Kg2 Qa3 40. Qe2 Ra8 41. e5 Qa4 42. Qe4 Qa6 43. Qe2 Qb7+ 44. Qf3 Qc8 45.
Bg3 Ra6 46. Kh2 Qd7 47. Qe2 Qa4 48. Qd2 Qb3 49. e6 Rxe6 50. Rxa2 Re8
1/2-1/2

[Event "ch-FRA Top 16 GpA"]
[Site "Noyon FRA"]
[Date "2005.04.01"]
[Round "5"]
[White "Collas,D"]
[Black "Nataf,IA"]
[Result "1/2-1/2"]
[WhiteElo "2418"]
[BlackElo "2557"]
[EventDate "2005.03.31"]

1. e4 c5 2. a3 g6 3. b4 Bg7 4. Nc3 b6 5. g3 e5 6. Bg2 Ne7 7. Nge2 Nbc6 8.
Rb1 O-O 9. d3 d6 10. O-O Nd4 11. bxc5 bxc5 12. f4 Be6 13. f5 gxf5 14. exf5
Bxf5 15. Nxd4 cxd4 16. Nd5 Nxd5 17. Bxd5 Be6 18. Bxa8 Qxa8 19. Qh5 Qd5 20.
Bh6 f6 21. Rb2 Bd7 22. Bxg7 Kxg7 23. Qf3 Qxf3 24. Rxf3 Bc6 25. Rf1 Rc8 26.
Rb4 Bd5 27. Rb5 Bc6 28. Ra5 Rc7 29. Rb1 Kf7 30. Kf2 Bd7 31. Rb2 f5 32. Ke2
Ke6 33. Kd2 Be8 34. Rb4 h5 35. Rb8 Bg6 36. Rg8 Bf7 37. Ra8 e4 38. Ra4 e3+
39. Kd1 h4 40. Rh8 hxg3 41. hxg3 Ke5 42. Rh4 Be8 43. Raxd4 Bh5+ 44. Ke1
Rxc2 45. Rc4 Re2+ 46. Kf1 Rf2+ 47. Ke1 Bf3 48. Rcf4 Re2+ 49. Kf1 Rf2+ 50.
Ke1 1/2-1/2

[Event "ch-FRA Top 16 GpA"]
[Site "Noyon FRA"]
[Date "2005.04.01"]
[Round "5"]
[White "Cochet,C"]
[Black "Sanchez,Lo"]
[Result "1/2-1/2"]
[WhiteElo "2086"]
[BlackElo "2291"]
[EventDate "2005.03.31"]

1. e4 e5 2. Nf3 Nf6 3. Nxe5 d6 4. Nf3 Nxe4 5. d4 d5 6. Bd3 Bd6 7. O-O O-O
8. c4 c6 9. Nc3 Nxc3 10. bxc3 Bg4 11. Rb1 dxc4 12. Bxc4 b5 13. Be2 a6 14.
Qc2 Bh5 15. Ng5 Bg6 16. Bd3 Nd7 17. Bxg6 hxg6 18. Ne4 Nb6 19. Re1 Re8 20.
Bg5 Qd7 21. Nxd6 Qxd6 22. Re2 Re6 23. Rbe1 Rae8 24. Bh4 Qd5 25. f3 Na4 26.
Re4 Qc4 27. R1e3 f5 28. Rxe6 Rxe6 29. Rxe6 Qxe6 30. Bf2 a5 31. Qd2 Nb6 32.
h3 Kh7 33. Qg5 Qd7 34. Qh4+ Kg8 35. Qg5 Kf7 36. h4 Qe7 37. Qf4 Nd5 38. Qd2
a4 39. Qc2 Nb6 40. Kf1 Qe6 41. Qe2 Qxe2+ 42. Kxe2 Nd5 43. Kd2 f4 44. g3
fxg3 45. Bxg3 Ke6 46. Be5 Ne7 47. Bxg7 Nf5 48. Be5 Nxh4 49. Ke3 Kd5 50. Bf6
Ng2+ 51. Kf2 Nf4 52. Ke3 Ne6 53. Kd3 c5 54. dxc5 Nxc5+ 55. Kd2 Kc4 56. Be7
Nd3 57. Bd6 b4 58. cxb4 Nxb4 59. a3 Nc6 60. Ke3 Nd4 61. Kf4 Nb5 62. Be7 Kb3
63. Kg5 Nxa3 64. Kxg6 Nc2 65. f4 Nb4 66. Bxb4 Kxb4 67. f5 1/2-1/2

[Event "ch-FRA Top 16 GpA"]
[Site "Noyon FRA"]
[Date "2005.04.01"]
[Round "5"]
[White "Dautov,R"]
[Black "Maze,S"]
[Result "1/2-1/2"]
[WhiteElo "2609"]
[BlackElo "2455"]
[EventDate "2005.03.31"]

1. d4 e6 2. c4 c5 3. d5 exd5 4. cxd5 d6 5. Nc3 g6 6. e4 Bg7 7. Bd3 a6 8. a4
Nh6 9. Nf3 O-O 10. O-O Bg4 11. h3 Bxf3 12. Qxf3 Nd7 13. Qg3 Qe7 14. Bg5 f6
15. Bd2 Ne5 16. Be2 Kh8 17. Rae1 Rae8 18. f4 Nd7 19. Bc4 Qd8 20. Qh4 Qb6
21. b3 Nf7 22. Kh1 Qd8 23. Qf2 Bh6 24. g3 Rg8 25. Nd1 Bg7 26. Qf3 Nf8 27.
Kh2 Qd7 28. a5 Qc8 29. Nf2 Nd7 30. Qd3 Nh6 31. Bc3 Re7 32. Re2 Qe8 33. Rfe1
Qf7 34. Qf3 Rge8 35. Nd3 Rc8 36. Kg2 Qe8 37. e5 fxe5 38. fxe5 Nf5 39. exd6
Rxe2+ 40. Rxe2 Bxc3 41. Rxe8+ Rxe8 42. Qf4 Re3 43. g4 Nh4+ 44. Kf2 Rf3+ 45.
Qxf3 Nxf3 46. Kxf3 Bxa5 47. Nf4 Bc3 48. Ne6 Be5 49. Be2 Kg8 50. Nd8 b5 51.
Nb7 Bf6 52. Kg3 1/2-1/2

[Event "ch-FRA Top 16 GpA"]
[Site "Noyon FRA"]
[Date "2005.04.01"]
[Round "5"]
[White "Roser,K"]
[Black "Flear,G"]
[Result "0-1"]
[WhiteElo "2346"]
[BlackElo "2462"]
[EventDate "2005.03.31"]

1. e4 e5 2. Nf3 Nc6 3. Bc4 Bc5 4. d3 Nf6 5. Nc3 h6 6. h3 a6 7. a3 d6 8. Be3
Bxe3 9. fxe3 Qe7 10. O-O Nd8 11. Qe1 c6 12. Nh4 g6 13. Qf2 Nh7 14. d4 Ng5
15. Kh1 Nde6 16. Rad1 Bd7 17. b4 O-O-O 18. Bd3 Kb8 19. a4 Nc7 20. Rb1 Rhe8
21. Qf6 Qxf6 22. Rxf6 d5 23. exd5 Nxd5 24. Nxd5 cxd5 25. b5 a5 26. Rd6 e4
27. Bf1 Be6 28. Rxd8+ Rxd8 29. c3 Rc8 30. Rc1 h5 31. Kh2 Nh7 32. g3 Ng5 33.
Rc2 Kc7 34. Rc1 Kd6 35. Rc2 Nh7 36. Ng2 Nf6 37. Nf4 Nd7 38. c4 dxc4 39.
Nxe6 fxe6 40. Bxc4 Nb6 41. Bb3 Rf8 42. Kg2 Rf3 43. Rc3 g5 44. Bc2 Nd5 45.
Bxe4 Rxg3+ 46. Kxg3 Nxc3 47. Bxb7 Nxa4 48. Kf2 Nc3 49. Ke1 g4 50. hxg4 hxg4
51. Kd2 Nxb5 52. Bg2 a4 53. Bf1 g3 54. Kc2 Kc7 55. Bg2 Kb6 56. Kd3 Ka5 57.
Kc4 Nd6+ 58. Kc3 Nf5 59. e4 Nh4 60. Bh3 0-1

[Event "ch-FRA Top 16 GpA"]
[Site "Noyon FRA"]
[Date "2005.04.01"]
[Round "5"]
[White "Letreguilly,O"]
[Black "Riff,JN"]
[Result "1/2-1/2"]
[WhiteElo "2274"]
[BlackElo "2435"]
[EventDate "2005.03.31"]

1. Nf3 Nf6 2. c4 e6 3. g3 d5 4. Bg2 Be7 5. O-O O-O 6. d4 Nbd7 7. Ne5 c6 8.
Nc3 Nxe5 9. dxe5 Nd7 10. cxd5 exd5 11. e4 dxe4 12. e6 fxe6 13. Nxe4 Nf6 14.
Qc2 Qa5 15. Bg5 e5 16. Bd2 Qc7 17. Ng5 g6 18. Rfe1 Bf5 19. Qc4+ Kg7 20.
Ne6+ Bxe6 21. Qxe6 Bd6 22. Rad1 Rae8 23. Qc4 Rd8 24. Qh4 Ng8 25. Bc3 Be7
26. Qe4 Bf6 27. Rxd8 Rxd8 28. g4 Qf7 29. b3 Qe7 30. Bxe5 Bxe5 31. Qxe5+
Qxe5 32. Rxe5 Rd2 33. a4 Rd3 34. b4 Rd1+ 35. Bf1 Rd4 36. Be2 Rxb4 37. a5
Nf6 38. Re7+ Kf8 39. Rc7 Nxg4 40. a6 bxa6 41. Rxh7 a5 1/2-1/2

[Event "ch-FRA Top 16 GpA"]
[Site "Noyon FRA"]
[Date "2005.04.01"]
[Round "5"]
[White "Motwani,P"]
[Black "Marcelin,C"]
[Result "1/2-1/2"]
[WhiteElo "2543"]
[BlackElo "2464"]
[EventDate "2005.03.31"]

1. c4 e5 2. Nc3 d6 3. d4 exd4 4. Qxd4 Nc6 5. Qd2 g6 6. b3 Bg7 7. Bb2 Nf6 8.
g3 O-O 9. Bg2 a5 10. Nf3 Bf5 11. O-O Ne4 12. Nxe4 Bxe4 13. Nh4 Bxg2 14.
Nxg2 a4 15. Ne3 Qg5 16. Rab1 axb3 17. Bxg7 Kxg7 18. axb3 f6 19. b4 Rfe8 20.
b5 Ne5 21. b6 Ng4 22. bxc7 Qh6 23. h4 Nxe3 24. Rxb7 Rac8 25. fxe3 Qxe3+ 26.
Qxe3 Rxe3 27. Ra1 Re7 28. Ra6 1/2-1/2

[Event "ch-FRA Top 16 GpA"]
[Site "Noyon FRA"]
[Date "2005.04.01"]
[Round "5"]
[White "Laval,B"]
[Black "Nguyen Chi Minh"]
[Result "0-1"]
[WhiteElo "2163"]
[BlackElo "2370"]
[EventDate "2005.03.31"]

1. e4 e6 2. d3 d5 3. Nd2 Nf6 4. Ngf3 b6 5. e5 Nfd7 6. g3 c5 7. Bg2 Nc6 8.
Qe2 g5 9. h3 Bg7 10. Nb3 h6 11. O-O O-O 12. h4 Ndxe5 13. Nxe5 Nxe5 14. hxg5
hxg5 15. Qh5 g4 16. Bd2 f5 17. Rae1 Bd7 18. Nc1 Be8 19. Qh1 Bg6 20. f4 gxf3
21. Bxf3 Nxf3+ 22. Qxf3 Qd6 23. c3 e5 24. Re2 e4 25. Qf4 Qxf4 26. Bxf4 Bh5
27. Ref2 Bg4 0-1

[Event "ch-FRA Top 16 GpA"]
[Site "Noyon FRA"]
[Date "2005.04.01"]
[Round "5"]
[White "Clery,N"]
[Black "Oudot,J"]
[Result "1-0"]
[WhiteElo "2327"]
[BlackElo "2142"]
[EventDate "2005.03.31"]

1. d4 d5 2. c4 c6 3. Nf3 Nf6 4. Nc3 e6 5. Bg5 dxc4 6. e4 b5 7. a4 Bb4 8. e5
h6 9. exf6 hxg5 10. fxg7 Rg8 11. h4 g4 12. Ne5 Rxg7 13. Nxg4 Bb7 14. h5 Nd7
15. Be2 Qe7 16. Kf1 Bxc3 17. bxc3 a6 18. Bf3 O-O-O 19. axb5 cxb5 20. Bxb7+
Kxb7 21. Qf3+ Kb6 22. g3 f5 23. Kg2 Rc8 24. Ne3 Qg5 25. d5 Ne5 26. Qd1 f4
27. Qd4+ Kb7 28. h6 Rf7 29. dxe6 Rf6 30. Nd5 f3+ 31. Kg1 Rxe6 32. Nf4 Ree8
33. h7 Ng6 34. Qg7+ 1-0

[Event "ch-FRA Top 16 GpA"]
[Site "Noyon FRA"]
[Date "2005.04.01"]
[Round "5"]
[White "Minet,S"]
[Black "Petitpas,F"]
[Result "1/2-1/2"]
[WhiteElo "2152"]
[BlackElo "2140"]
[EventDate "2005.03.31"]

1. e4 e5 2. Nf3 Nc6 3. Bb5 a6 4. Bxc6 dxc6 5. O-O f6 6. d4 exd4 7. Nxd4 c5
8. Nb3 Qxd1 9. Rxd1 Bd6 10. Be3 b6 11. a4 Bb7 12. Nc3 Ne7 13. a5 c4 14. Nd4
b5 15. Ne6 Kf7 16. Nc5 Bxc5 17. Bxc5 Rad8 18. b4 Nc6 19. f4 Rxd1+ 20. Rxd1
Rd8 21. Rd5 Rxd5 22. Nxd5 Nb8 23. Nc3 Nd7 24. Ba7 Ke6 25. Kf2 g6 26. Ke3
Kd6 27. Bd4 f5 28. e5+ Ke6 29. g3 Nb8 30. Ne2 Be4 31. Bc5 Nc6 32. c3 Kd5
33. Bf8 Nd8 34. Nd4 Ne6 35. Nxe6 Kxe6 36. Kd4 Kd7 37. g4 Ke8 38. Bc5 Kd7
39. g5 Bf3 40. Ba7 Kc6 41. e6 Kd6 42. Bb8 Kxe6 43. Bxc7 Kd7 44. Bb8 Kc6 45.
Ke5 Kb7 46. Bd6 Bh5 1/2-1/2

[Event "ch-FRA Top 16 GpA"]
[Site "Noyon FRA"]
[Date "2005.04.01"]
[Round "5"]
[White "Van Heirzeele,D"]
[Black "Barnier,C"]
[Result "1-0"]
[WhiteElo "2230"]
[BlackElo "1997"]
[EventDate "2005.03.31"]

1. d4 d5 2. c4 c6 3. Nf3 Nf6 4. Nc3 e6 5. g3 Be7 6. Bg2 O-O 7. O-O Nbd7 8.
Qb3 dxc4 9. Qxc4 Nb6 10. Qb3 Nbd5 11. Ne5 Qb6 12. Rd1 Qxb3 13. axb3 Nb6 14.
Nc4 Bd7 15. e4 Rfd8 16. Bf4 Ne8 17. Na4 Nxa4 18. bxa4 g5 19. Be3 f6 20. a5
Nc7 21. Rd3 Be8 22. Rad1 Bf7 23. b3 Bg6 24. R3d2 Bb4 25. Ra2 Nb5 26. Ra4
Be7 27. Raa1 Nc3 28. a6 b6 29. e5 Nxd1 30. Rxd1 Rac8 31. Rc1 f5 32. Nxb6
Rb8 33. Rxc6 Bc5 34. dxc5 Rd1+ 35. Bf1 f4 36. Rd6 Rb1 37. gxf4 Bf5 38. Kg2
Be4+ 39. f3 gxf4 40. Bf2 Bxf3+ 41. Kxf3 Rxf1 42. Rd7 Rb1 43. Rd3 Ra1 44. c6
Rc1 45. Nc4 Rc8 46. Na5 Ra1 47. b4 Rb1 48. Bc5 Rf1+ 49. Kg2 Re1 50. Bd6 Kf7
51. c7 Rg8+ 52. Kf3 Rf1+ 53. Ke4 Rc1 54. Bc5 Rc8 55. Rd7+ Kg6 56. Nc6 Kg5
57. Nxa7 Re1+ 58. Kf3 1-0

[Event "ch-FRA Top 16 GpA"]
[Site "Noyon FRA"]
[Date "2005.04.01"]
[Round "5"]
[White "Desanlis,A"]
[Black "Assad,K"]
[Result "0-1"]
[WhiteElo "1842"]
[BlackElo "2051"]
[EventDate "2005.03.31"]

1. c4 e5 2. Nc3 g6 3. g3 Bg7 4. Bg2 d6 5. d3 Nd7 6. e4 Ne7 7. Nge2 O-O 8.
O-O f5 9. f4 a5 10. Rb1 Nc5 11. Be3 Nc6 12. d4 exd4 13. Nxd4 Nxd4 14. Bxd4
Nxe4 15. Nxe4 fxe4 16. Bxg7 Kxg7 17. Qd4+ Qf6 18. Qxf6+ Rxf6 19. Bxe4 Bf5
20. Rbe1 Bxe4 21. Rxe4 Rd8 22. Re7+ Rf7 23. Rxf7+ Kxf7 24. f5 Re8 25. fxg6+
Kxg6 26. Rf2 Re4 27. b3 a4 28. Kf1 axb3 29. axb3 Re3 30. b4 Re4 31. Rc2 Kf5
32. Kg2 Ke5 33. Kf3 c6 34. h3 b6 35. c5 Rxb4 36. cxb6 Rxb6 37. Re2+ Kf6 38.
h4 h5 39. Ke4 Rb4+ 40. Kd3 Rb3+ 0-1